| 000 | 004350000a22001570004500 | ||
|---|---|---|---|
| 003 | MACL | ||
| 005 | 20180301150620.0 | ||
| 008 | 180301b xxu||||| |||| 00| 0 eng d | ||
| 040 | _cmacl | ||
| 100 |
_aनारायण _970948 |
||
| 245 | _aमालगुडी डेज | ||
| 260 |
_bसरस्वती विहार _c1989 |
||
| 350 | _a40 | ||
| 650 |
_aचिल्ड्रन _970949 |
||
| 942 |
_cHIN _k741.642 _2ddc |
||
| 999 |
_c22459 _d22459 |
||